Sebevýchova vysokoškolských studentů
Uložené v:
| Hlavný autor: | |
|---|---|
| Médium: | Kniha |
| Jazyk: | Czech |
| Vydavateľské údaje: |
Brno :
Univerzita J.E.Purkyně,
1984
|
| Tagy: |
Žiadne tagy, Buďte prvý, kto otaguje tento záznam!
|
MARC
| LEADER | 00000nam a22000003a 4500 | ||
|---|---|---|---|
| 001 | stu57737 | ||
| 005 | 20150617225653.5 | ||
| 008 | 010502s1984----cs------------------cze-d | ||
| 040 | |a STU |b slo | ||
| 041 | 0 | |a cze | |
| 044 | |a cs | ||
| 080 | |a 378.18 | ||
| 100 | 1 | |a Opatřilová, Marie |4 aut | |
| 245 | 1 | |a Sebevýchova vysokoškolských studentů | |
| 260 | |a Brno : |b Univerzita J.E.Purkyně, |c 1984 | ||
| 300 | |a 175 s. Tab.,register | ||
| 996 | |b 284C019353 |c C*72812 |l CCI |s A |a 24 |w stu57737_0001 | ||